| 000 | 00541nam a2200205 4500 | ||
|---|---|---|---|
| 001 | 943 | ||
| 005 | 20181127162332.0 | ||
| 010 | 0 | 0 | _a |
| 020 | 0 | 0 | _a |
| 090 | 0 | 0 | _a333.72 K149e 2002 |
| 100 | 0 | 0 | _aKalwar, S. C. |
| 245 | 0 | 0 |
_aEnvironmental issues and sustainable development / _b _cProf. S. C. Kalwar. _h |
| 250 | 0 | 0 | _a |
| 260 | 0 | 0 |
_aJaipur, India : _bPointer Publishers,. _c2002. |
| 300 | 0 | 0 | _ax, 294 p. : ill. |
| 500 | 0 | 0 | _a |
| 650 | 0 | 0 |
_aEnvironmental degradation. _x |
| 650 | 0 | 0 |
_aEnvironmentalism. _x |
| 650 | 0 | 0 |
_aSustainable development. _x |
| 999 |
_c661 _d661 |
||